[Event "Bratto op-A 27th"]
[Site "Bratto"]
[Date "2007.08.25"]
[Round "3"]
[White "Radice, Luca"]
[Black "Turci, Alberto"]
[Result "1-0"]
[WhiteElo "2056"]
[BlackElo "2007"]
[PlyCount "51"]
[EventDate "2007.08.23"]
[EventType "swiss"]
[EventRounds "9"]
[EventCountry "ITA"]
[SourceTitle "CBM 120 Extra"]
[Source "ChessBase"]
[SourceDate "2007.11.01"]
[SourceVersion "1"]
[SourceVersionDate "2007.11.01"]
[SourceQuality "1"]

1. Nf3 Nf6 2. d4 g6 3. Nc3 Bg7 4. e4 d6 5. h3 c6 6. a4 0-0 7. Bd3 Nbd7 8. 0-0 e5 9. Be3 Re8 10. dxe5 dxe5 11. Qd2 Qc7 12. Rfd1 Nf8 13. Bf1 Bd7 14. a5 Ne6 15. Qd6 Qxd6 16. Rxd6 Bf8 17. Rd2 Nc5 18. Bg5 Nfxe4 19. Nxe4 Nxe4 20. Rxd7 Bc5 21. Be3 Bxe3 22. fxe3 Nc5 23. Rdd1 f5 24. b4 e4 25. Nd4 Ne6 26. Nxe6 1-0

[Event "Bratto op-A 27th"]
[Site "Bratto"]
[Date "2007.08.24"]
[Round "2"]
[White "Turci, Alberto"]
[Black "Stella, Andrea"]
[Result "0-1"]
[WhiteElo "2007"]
[BlackElo "2132"]
[PlyCount "48"]
[EventDate "2007.08.23"]
[EventType "swiss"]
[EventRounds "9"]
[EventCountry "ITA"]
[SourceTitle "CBM 120 Extra"]
[Source "ChessBase"]
[SourceDate "2007.11.01"]
[SourceVersion "1"]
[SourceVersionDate "2007.11.01"]
[SourceQuality "1"]

1. f4 e5 2. fxe5 d6 3. exd6 Bxd6 4. Nf3 Nf6 5. d4 Ng4 6. Qd3 c5 7. Qe4+ Be6 8. g3 Nf6 9. Qh4 Nc6 10. c3 Qb6 11. Nbd2 cxd4 12. Ne4 Nxe4 13. Qxe4 dxc3 14. bxc3 Qa5 15. Bd2 0-0 16. Ng5 Bf5 17. Qh4 Be7 18. Qf4 Bxg5 19. Qxg5 Qd5 20. Rg1 h6 21. Qf4 Rfe8 22. e3 Rad8 23. Qf2 Ne5 24. c4 Nf3+ 0-1

[Event "Bratto op 24th"]
[Site "Bratto"]
[Date "2004.08.25"]
[Round "6"]
[White "Turci, Alberto"]
[Black "Cazzaniga, Walter"]
[Result "1/2-1/2"]
[WhiteElo "2023"]
[BlackElo "2081"]
[PlyCount "53"]
[EventDate "2004.08.20"]
[EventType "swiss"]
[EventRounds "9"]
[EventCountry "ITA"]
[SourceTitle "CBM 101 Extra"]
[Source "ChessBase"]
[SourceDate "2004.09.01"]
[SourceVersion "2"]
[SourceVersionDate "2004.09.01"]
[SourceQuality "1"]

1. f4 d5 2. Nf3 Nf6 3. e3 c5 4. d4 g6 5. c3 Bg7 6. Bd3 0-0 7. Nbd2 Qc7 8. Ne5 Nc6 9. 0-0 b6 10. Qf3 Bf5 11. Bxf5 gxf5 12. Qh3 e6 13. Ndf3 Ne4 14. Bd2 f6 15. Nxc6 Qxc6 16. Rac1 c4 17. b3 b5 18. Rc2 Rf7 19. b4 a5 20. a3 axb4 21. axb4 Rfa7 22. Rfc1 Qe8 23. g3 Ra2 24. Qf1 R8a4 25. Qd1 Qa8 26. Be1 Rxc2 27. Rxc2 1/2-1/2

[Event "Bratto op 24th"]
[Site "Bratto"]
[Date "2004.08.24"]
[Round "5"]
[White "Turci, Alberto"]
[Black "Bonazzi, Edoardo"]
[Result "0-1"]
[WhiteElo "2023"]
[BlackElo "2115"]
[PlyCount "126"]
[EventDate "2004.08.20"]
[EventType "swiss"]
[EventRounds "9"]
[EventCountry "ITA"]
[SourceTitle "CBM 101 Extra"]
[Source "ChessBase"]
[SourceDate "2004.09.01"]
[SourceVersion "2"]
[SourceVersionDate "2004.09.01"]
[SourceQuality "1"]

1. f4 Nf6 2. Nf3 d5 3. e3 e6 4. d4 Be7 5. Bd3 b6 6. Qe2 Bb7 7. Nbd2 0-0 8. 0-0 c5 9. c3 Nbd7 10. Ne5 Qc7 11. Qf3 Ne8 12. Qh3 f5 13. g4 Nd6 14. Nxd7 Qxd7 15. Nf3 Ne4 16. Bxe4 dxe4 17. Ne5 Qc7 18. gxf5 exf5 19. Bd2 Bd6 20. Rad1 Rf6 21. Kh1 Ba6 22. Rg1 Be2 23. Rdf1 Bxf1 24. Qxf1 Qb7 25. Be1 cxd4 26. cxd4 Rc8 27. Qb5 Bxe5 28. dxe5 Rfc6 29. Bc3 g6 30. h4 Qe7 31. Rg5 h6 32. Rg2 h5 33. Rg5 Qe6 34. Qe2 Kf7 35. Rg1 Rd8 36. Rd1 Rxd1+ 37. Qxd1 Rc8 38. a3 Kg7 39. Kh2 Kf7 40. Kh3 Kg7 41. Qd4 Kf7 42. Kg3 a6 43. Kh3 Ke8 44. Qa4+ b5 45. Qd4 Rc7 46. Kg3 Qd7 47. Qb6 Qc6 48. Qb8+ Rc8 49. Qa7 Qc5 50. Qxa6 Qxe3+ 51. Kg2 Qf3+ 52. Kg1 Qg3+ 53. Kh1 Qxh4+ 54. Kg2 Qg4+ 55. Kh1 Qf3+ 56. Kg1 Qd1+ 57. Kg2 Qd7 58. Qxg6+ Qf7 59. Qa6 Rd8 60. Qc6+ Kf8 61. e6 Qg6+ 62. Kh2 Kg8 63. e7 Rd2+ 0-1

[Event "Genova op 3th"]
[Site "Genova"]
[Date "1999.??.??"]
[Round "1"]
[White "Turci, Alberto"]
[Black "Dervishi, Erald"]
[Result "0-1"]
[WhiteElo "1750"]
[BlackElo "2495"]
[PlyCount "74"]
[EventDate "1999.??.??"]
[EventType "swiss"]
[EventRounds "11"]
[EventCountry "ITA"]
[SourceTitle "EXT 2000"]
[Source "ChessBase"]
[SourceDate "1999.11.16"]
[SourceVersion "1"]
[SourceVersionDate "1999.11.16"]
[SourceQuality "1"]

1. f4 Nf6 2. e3 d5 3. Nf3 e6 4. d4 Be7 5. Bd3 b6 6. Qe2 Bb7 7. Nbd2 0-0 8. 0-0 c5 9. c3 Nbd7 10. Ne5 Qc7 11. Qf3 Ne8 12. Qh5 Ndf6 13. Qf3 Nd6 14. g4 Nfe4 15. g5 f6 16. gxf6 Bxf6 17. Qg4 Rae8 18. Ndf3 Nf5 19. Bxe4 dxe4 20. Ng5 cxd4 21. exd4 Bxe5 22. fxe5 e3 23. Bxe3 Qc6 24. Rf3 Nxe3 25. Rxf8+ Rxf8 26. Qxe6+ Qxe6 27. Nxe6 Rf5 28. Re1 Nc4 29. Re2 Bd5 30. Nc7 Bf3 31. Re1 Kf8 32. b3 Nd2 33. Re3 Bb7 34. d5 Nf3+ 35. Kg2 Nxe5 36. c4 Ke7 37. Ne6 Kd6 0-1